00349nam a22001217a 4500008004100000020001800041050002400059100002400083245003900107260003100146300003900177760001100216150916b xxu||||| |||| 00| 0 eng d a9780072982909 aLB 2395.3 .M55 2006 aSpaers Deanned2006 aDeveloping Critical Reading Skills aBostonbMcGraw- Hillc2006 axxiii, 537(11):illbincludes index b7th ed